On a Mexican mustang (Record no. 6540)

MARC details
000 -CABECERA
campo de control de longitud fija 00752nam a2200241 a 4500
001 - NÚMERO DE CONTROL
campo de control BRCA_6858
005 - FECHA Y HORA DE LA ÚLTIMA TRANSACCIÓN
campo de control 20190320205622.0
008 - DATOS DE LONGITUD FIJA--INFORMACIÓN GENERAL
campo de control de longitud fija 101111s1883----enka######---#000-0#eng-#
041 ## - CÓDIGO DE LENGUA
Código de lengua del texto/banda sonora o título independiente eng
044 ## - CÓDIGO DEL PAÍS DE LA ENTIDAD EDITORA/PRODUCTORA
Código MARC del país enk
050 #4 - SIGNATURA TOPOGRÁFICA DE LA BIBLIOTECA DEL CONGRESO
Número de clasificación F386
Número de documento/Ítem .S94 1883
245 10 - MENCIÓN DE TÍTULO
Título On a Mexican mustang
Resto del título through Texas, from the Gulf to the Rio Grande
Mención de responsabilidad, etc. by Alex E. Sweet and J. Armoy Knox.
260 ## - PUBLICACIÓN, DISTRIBUCIÓN, ETC.
Lugar de publicación, distribución, etc. Londres
Nombre del editor, distribuidor, etc. Trubner
Fecha de publicación, distribución, etc. 1883
300 ## - DESCRIPCIÓN FÍSICA
Extensión 672 p.
Otras características físicas il.
Dimensiones 23 cm.
500 ## - NOTA GENERAL
Nota general Estado físico: lomo y cubiertas desprendidos
500 ## - NOTA GENERAL
Nota general O46
650 14 - PUNTO DE ACCESO ADICIONAL DE MATERIA--TÉRMINO DE MATERIA
Término de materia o nombre geográfico como elemento de entrada Viajeros estadounidenses
9 (RLIN) 7583
651 #4 - PUNTO DE ACCESO ADICIONAL DE MATERIA--NOMBRE GEOGRÁFICO
Nombre geográfico Texas
Subdivisión general Descripción y viajes
9 (RLIN) 8017
700 1# - PUNTO DE ACCESO ADICIONAL--NOMBRE DE PERSONA
Nombre de persona Sweet, Alex E.
Término indicativo de función/relación aut.
9 (RLIN) 17090
700 1# - PUNTO DE ACCESO ADICIONAL--NOMBRE DE PERSONA
Nombre de persona Knox, John Srmoy
Fechas asociadas al nombre 1851-1906
Término indicativo de función/relación coaut.
9 (RLIN) 17091
902 ## - CATALOGADOR
Iniciales GFM
942 ## - ELEMENTOS DE PUNTO DE ACCESO ADICIONAL (KOHA)
Fuente del sistema de clasificación o colocación Library of Congress Classification
Tipo de ítem Koha Libros
Holdings
Estado de retiro Estado de pérdida Estado dañado No para préstamo Localización permanente Ubicación/localización actual Fecha de adquisición Número de inventario Total de préstamos Signatura topográfica completa Código de barras Fecha visto por última vez Precio válido a partir de Tipo de ítem Koha
El ejemplar forma parte de la colección y puede ser consultado según las políticas vigentes.       Biblioteca del Museo Franz Mayer (Rogerio Casas-Alatriste) Biblioteca del Museo Franz Mayer (Rogerio Casas-Alatriste) 10/11/2011 O46   F386 .S94 1883 (O46) 7305 22/03/2019 22/03/2019 Libros